000 01227cam a2200325 a 4500
001 2601315
003 OSt
005 20240617113402.0
008 971203s1997 dcua 001 0 eng d
010 _a 97074331
020 _a0883857073
035 _a(OCoLC)38069660
040 _aNCH
_cMUST
_dDLC
_dWaU
042 _alccopycat
082 0 0 _a510
_bKAL 1997
100 1 _aKalman, Dan.
_917326
245 1 0 _aElementary mathematical models :
_border aplenty and a glimpse of chaos /
_cDan Kalman.
260 _a[Washington, DC] :
_bMathematical Association of America,
_c1997.
300 _axvi, 345 p. :
_bill. ;
_c26 cm.
490 1 _aClassroom resource materials
500 _aIncludes index.
650 0 _aMathematical models.
_92809
650 0 _aMathematical analysis.
_92757
830 0 _aClassroom resource materials (Unnumbered)
_917327
856 4 2 _3Publisher description
_uhttp://www.loc.gov/catdir/description/cam029/97074331.html
856 4 1 _3Table of contents
_uhttp://www.loc.gov/catdir/toc/cam027/97074331.html
906 _a7
_bcbc
_ccopycat
_d2
_eopcn
_f19
_gy-gencatlg
942 _2ddc
_cO_SHELF
999 _c8533
_d8533